[Event "MP do 18 lat - chlopcy"]
[Site "Sypniewo"]
[Date "2022.03.25"]
[Round "7.12"]
[White "Kitewski, Bartosz"]
[Black "Kozlowski, Michal"]
[Result "1-0"]
[BlackElo "2078"]
[WhiteElo "1870"]
[LiveChessVersion "1.4.8"]

1. d4 {[%clk 1:30:56]} Nf6 {[%clk 1:30:53]} 2. Nf3 {[%clk 1:31:21]} e6
{[%clk 1:31:17]} 3. Bf4 {[%clk 1:31:47]} c5 {[%clk 1:31:16]} 4. e3
{[%clk 1:32:12]} d5 {[%clk 1:30:47]} 5. c4 {[%clk 1:31:40]} Bd6 {[%clk 1:29:41]}
6. Bxd6 {[%clk 1:30:45]} Qxd6 {[%clk 1:30:10]} 7. Nc3 {[%clk 1:31:00]} O-O
{[%clk 1:26:09]} 8. cxd5 {[%clk 1:30:45]} exd5 {[%clk 1:26:24]} 9. Be2
{[%clk 1:31:09]} b6 {[%clk 1:14:00]} 10. O-O {[%clk 1:30:55]} Nc6
{[%clk 1:14:19]} 11. Rc1 {[%clk 1:30:26]} Bg4 {[%clk 0:55:57]} 12. Qa4
{[%clk 1:27:07]} Rac8 {[%clk 0:40:31]} 13. Rfd1 {[%clk 1:26:12]} Bxf3
{[%clk 0:38:03]} 14. dxc5 {[%clk 1:24:12]} Qxc5 {[%clk 0:32:31]} 15. Bxf3
{[%clk 1:22:54]} Ne5 {[%clk 0:32:52]} 16. Be2 {[%clk 1:17:21]} Rfd8
{[%clk 0:26:54]} 17. h3 Qe7 {[%clk 0:23:30]} 18. Ba6 {[%clk 1:08:27]} Rc5
{[%clk 0:20:25]} 19. b4 Rc7 {[%clk 0:20:19]} 20. a3 {[%clk 0:55:09]} g6
{[%clk 0:16:36]} 21. Nb5 {[%clk 0:49:12]} Rxc1 {[%clk 0:15:08]} 22. Rxc1
{[%clk 0:49:37]} Ne4 {[%clk 0:13:34]} 23. Qc2 {[%clk 0:31:35]} Qg5
{[%clk 0:09:25]} 24. Nd4 {[%clk 0:30:48]} Qe7 {[%clk 0:06:49]} 25. f4
{[%clk 0:29:45]} Nc4 {[%clk 0:06:58]} 26. Nc6 {[%clk 0:28:08]} Qh4
{[%clk 0:01:30]} 27. Bxc4 1-0

[Event "MP do 18 lat - chlopcy"]
[Site "Sypniewo"]
[Date "2022.03.25"]
[Round "7.13"]
[White "Bartlomowicz, Jakub"]
[Black "Bachor, Tomasz"]
[Result "1/2-1/2"]
[BlackElo "2041"]
[WhiteElo "1774"]
[LiveChessVersion "1.4.8"]

1. e4 {[%clk 1:30:58]} c5 {[%clk 1:30:53]} 2. Nf3 {[%clk 1:31:14]} e6
{[%clk 1:31:18]} 3. d4 {[%clk 1:31:23]} cxd4 {[%clk 1:31:44]} 4. Nxd4
{[%clk 1:31:32]} a6 {[%clk 1:32:09]} 5. Bd3 {[%clk 1:30:48]} Nf6 {[%clk 1:32:34]}
6. O-O {[%clk 1:29:53]} Qc7 {[%clk 1:32:45]} 7. Qe2 {[%clk 1:28:33]} d6
{[%clk 1:33:08]} 8. c4 {[%clk 1:28:21]} g6 {[%clk 1:33:26]} 9. Nc3
{[%clk 1:27:06]} Bg7 {[%clk 1:33:50]} 10. Nf3 {[%clk 1:26:27]} Nbd7
{[%clk 1:31:49]} 11. Bf4 {[%clk 1:23:42]} Nh5 {[%clk 1:25:27]} 12. Bg5
{[%clk 1:15:31]} h6 {[%clk 1:19:27]} 13. Be3 {[%clk 1:14:50]} O-O
{[%clk 1:14:44]} 14. Rac1 {[%clk 1:13:31]} Nhf6 {[%clk 1:04:07]} 15. h3
{[%clk 1:10:05]} b6 {[%clk 1:00:04]} 16. Rfd1 {[%clk 1:03:43]} Rd8
{[%clk 0:49:47]} 17. b4 {[%clk 0:58:49]} Bb7 {[%clk 0:47:37]} 18. Bf4
{[%clk 0:55:18]} Nh5 {[%clk 0:41:42]} 19. Be3 {[%clk 0:53:42]} Rac8
{[%clk 0:35:41]} 20. Na4 {[%clk 0:48:20]} Nhf6 {[%clk 0:29:20]} 21. Bf4
{[%clk 0:45:05]} g5 {[%clk 0:24:28]} 22. Bh2 {[%clk 0:42:16]} e5 {[%clk 0:19:51]}
23. h4 {[%clk 0:37:59]} g4 {[%clk 0:19:06]} 24. Nd2 {[%clk 0:38:24]} h5
{[%clk 0:15:53]} 25. Nf1 {[%clk 0:36:55]} Bh6 {[%clk 0:15:29]} 26. Rc2
{[%clk 0:37:16]} Nf8 {[%clk 0:13:15]} 27. Ng3 {[%clk 0:36:51]} Ne6
{[%clk 0:12:48]} 28. Nf5 {[%clk 0:36:39]} Bf8 {[%clk 0:11:36]} 29. Qe3
{[%clk 0:36:17]} Rb8 {[%clk 0:08:57]} 30. Nc3 {[%clk 0:35:23]} Ng7
{[%clk 0:08:18]} 31. Nd5 {[%clk 0:29:08]} Bxd5 {[%clk 0:08:00]} 32. cxd5
{[%clk 0:29:07]} Qd7 {[%clk 0:07:51]} 33. Nxg7 {[%clk 0:28:15]} Bxg7
{[%clk 0:08:13]} 34. Bxa6 {[%clk 0:28:41]} Qa4 {[%clk 0:07:40]} 35. Bd3
{[%clk 0:27:14]} Qxb4 {[%clk 0:07:25]} 36. Rc6 {[%clk 0:27:16]} 1/2-1/2

[Event "MP do 18 lat - chlopcy"]
[Site "Sypniewo"]
[Date "2022.03.25"]
[Round "7.14"]
[White "Koziorowicz, Michal"]
[Black "Sidorczuk, Pawel"]
[Result "0-1"]
[BlackElo "1917"]
[WhiteElo "2291"]
[LiveChessVersion "1.4.8"]

1. e4 {[%clk 1:30:59]} c5 {[%clk 1:30:56]} 2. Nf3 {[%clk 1:31:14]} d6
{[%clk 1:31:23]} 3. d4 {[%clk 1:31:31]} cxd4 {[%clk 1:31:50]} 4. Nxd4
{[%clk 1:31:55]} Nf6 {[%clk 1:32:17]} 5. Nc3 {[%clk 1:32:17]} a6 {[%clk 1:32:45]}
6. g3 {[%clk 1:31:53]} e5 {[%clk 1:33:10]} 7. Nb3 {[%clk 1:32:16]} Be7
{[%clk 1:32:08]} 8. Bg2 {[%clk 1:32:15]} b5 {[%clk 1:30:00]} 9. a4
{[%clk 1:32:36]} b4 {[%clk 1:30:25]} 10. Nd5 {[%clk 1:33:00]} Nxd5
{[%clk 1:30:52]} 11. Qxd5 {[%clk 1:33:23]} Ra7 {[%clk 1:30:48]} 12. Be3
{[%clk 1:33:25]} Be6 {[%clk 1:30:58]} 13. Qd3 {[%clk 1:29:17]} Rb7
{[%clk 1:29:33]} 14. O-O {[%clk 1:29:29]} O-O {[%clk 1:29:36]} 15. f4
{[%clk 1:21:46]} Qc7 {[%clk 1:24:12]} 16. Rf2 {[%clk 1:21:17]} Bc4
{[%clk 1:20:51]} 17. Qd1 {[%clk 1:18:02]} Nd7 {[%clk 1:17:23]} 18. f5
{[%clk 1:10:15]} Nf6 {[%clk 1:09:22]} 19. Nd2 {[%clk 1:04:15]} a5
{[%clk 0:59:21]} 20. g4 {[%clk 1:03:50]} h6 {[%clk 0:51:50]} 21. h4
{[%clk 1:00:11]} Nh7 {[%clk 0:38:30]} 22. g5 {[%clk 0:50:47]} hxg5
{[%clk 0:37:12]} 23. hxg5 {[%clk 0:49:50]} Bxg5 {[%clk 0:26:28]} 24. Bxg5
{[%clk 0:38:27]} Nxg5 {[%clk 0:26:53]} 25. Qg4 {[%clk 0:37:40]} f6
{[%clk 0:26:30]} 26. Nf3 {[%clk 0:38:03]} Nxf3+ {[%clk 0:21:15]} 27. Bxf3
{[%clk 0:38:26]} Rd8 {[%clk 0:21:09]} 28. b3 {[%clk 0:35:00]} Ba6
{[%clk 0:14:32]} 29. Kh1 {[%clk 0:33:45]} Qc5 {[%clk 0:08:23]} 30. Rh2
{[%clk 0:33:45]} Rf7 {[%clk 0:08:11]} 31. Qh4 {[%clk 0:31:49]} Kf8
{[%clk 0:08:34]} 32. Bh5 {[%clk 0:31:14]} Bb7 {[%clk 0:08:11]} 33. Bxf7
{[%clk 0:30:38]} Kxf7 {[%clk 0:08:37]} 34. Rg1 {[%clk 0:30:50]} Rg8
{[%clk 0:08:42]} 35. Rhg2 {[%clk 0:31:05]} Qc6 {[%clk 0:06:26]} 36. Rxg7+
{[%clk 0:30:24]} Rxg7 {[%clk 0:06:10]} 37. Qh5+ {[%clk 0:30:36]} Kg8
{[%clk 0:06:39]} 38. Rxg7+ {[%clk 0:29:03]} Kxg7 {[%clk 0:07:06]} 39. Qg6+
{[%clk 0:29:24]} Kf8 {[%clk 0:07:08]} 40. Qxf6+ {[%clk 0:59:33]} Ke8
{[%clk 0:37:37]} 41. Qh8+ {[%clk 0:57:00]} Kd7 {[%clk 0:37:33]} 42. Qg7+
{[%clk 0:57:20]} Kd8 {[%clk 0:37:25]} 43. Qf8+ {[%clk 0:57:23]} Kc7
{[%clk 0:37:43]} 44. Qg7+ {[%clk 0:57:48]} Kb6 {[%clk 0:37:32]} 45. f6
{[%clk 0:58:13]} Qxe4+ {[%clk 0:37:58]} 46. Kg1 {[%clk 0:58:35]} Qe1+
{[%clk 0:38:15]} 47. Kh2 {[%clk 0:59:00]} Qh1+ {[%clk 0:38:34]} 48. Kg3
{[%clk 0:59:26]} Qg2+ {[%clk 0:38:53]} 49. Kh4 {[%clk 0:59:52]} Qxg7
{[%clk 0:39:09]} 50. fxg7 {[%clk 1:00:18]} Bd5 {[%clk 0:39:35]} 51. g8=N
{[%clk 1:00:42]} 0-1

[Event "MP do 18 lat - chlopcy"]
[Site "Sypniewo"]
[Date "2022.03.25"]
[Round "7.15"]
[White "Turski, Bartlomiej"]
[Black "Jedrusik, Adam"]
[Result "1-0"]
[BlackElo "1937"]
[WhiteElo "2220"]
[LiveChessVersion "1.4.8"]

1. e4 {[%clk 1:30:57]} d6 {[%clk 1:30:57]} 2. d4 {[%clk 1:31:20]} Nf6
{[%clk 1:31:23]} 3. Nc3 {[%clk 1:31:45]} g6 {[%clk 1:31:50]} 4. Be3
{[%clk 1:32:06]} c6 {[%clk 1:32:15]} 5. f3 {[%clk 1:31:55]} Nbd7 {[%clk 1:32:44]}
6. Qd2 {[%clk 1:30:57]} b5 {[%clk 1:33:09]} 7. Bd3 {[%clk 1:28:03]} Qc7
{[%clk 1:30:01]} 8. d5 {[%clk 1:11:47]} Ne5 {[%clk 1:08:39]} 9. dxc6
{[%clk 1:08:22]} a6 {[%clk 1:08:31]} 10. Nd5 {[%clk 0:57:49]} Nxd5
{[%clk 1:06:13]} 11. exd5 {[%clk 0:56:18]} e6 {[%clk 1:03:13]} 12. a4
{[%clk 0:45:50]} bxa4 {[%clk 1:02:16]} 13. c4 {[%clk 0:42:27]} Bg7
{[%clk 1:01:07]} 14. Ne2 {[%clk 0:25:34]} Rb8 {[%clk 0:54:39]} 15. Bd4
{[%clk 0:24:24]} O-O {[%clk 0:49:27]} 16. O-O {[%clk 0:22:46]} Rb3
{[%clk 0:47:14]} 17. Bc3 {[%clk 0:17:57]} Qb6+ {[%clk 0:43:59]} 18. Kh1
{[%clk 0:17:08]} exd5 {[%clk 0:44:13]} 19. cxd5 {[%clk 0:16:54]} Nxd3
{[%clk 0:44:30]} 20. Qxd3 {[%clk 0:16:35]} Bf5 {[%clk 0:44:58]} 21. Qc4
{[%clk 0:14:51]} Bxc3 {[%clk 0:41:04]} 22. Nxc3 {[%clk 0:14:07]} Re8
{[%clk 0:40:01]} 23. Nxa4 {[%clk 0:12:20]} Qe3 {[%clk 0:39:40]} 24. g4
{[%clk 0:06:18]} Bc8 {[%clk 0:38:38]} 25. Rae1 {[%clk 0:05:41]} Qxe1
{[%clk 0:37:29]} 26. Rxe1 {[%clk 0:06:10]} Rxe1+ {[%clk 0:37:53]} 27. Kg2
{[%clk 0:06:39]} Rb5 {[%clk 0:36:45]} 28. c7 {[%clk 0:04:37]} Re7
{[%clk 0:35:04]} 29. Qc6 {[%clk 0:03:58]} Rb7 {[%clk 0:35:04]} 30. Nb6
{[%clk 0:01:49]} Rbxc7 {[%clk 0:33:49]} 31. Qxd6 {[%clk 0:02:08]} Bb7
{[%clk 0:32:07]} 32. Kg3 {[%clk 0:02:33]} Kg7 {[%clk 0:25:48]} 33. Qd8
{[%clk 0:02:47]} Bxd5 {[%clk 0:25:46]} 34. Nxd5 {[%clk 0:03:01]} 1-0

[Event "MP do 18 lat - chlopcy"]
[Site "Sypniewo"]
[Date "2022.03.25"]
[Round "7.16"]
[White "Gradalski, Olaf"]
[Black "Kasprzak, Lukasz"]
[Result "1/2-1/2"]
[BlackElo "1884"]
[WhiteElo "2051"]
[LiveChessVersion "1.4.8"]

1. e4 {[%clk 1:30:57]} c5 {[%clk 1:30:15]} 2. Nf3 {[%clk 1:31:21]} d6
{[%clk 1:30:44]} 3. d4 {[%clk 1:31:42]} cxd4 {[%clk 1:30:50]} 4. Qxd4
{[%clk 1:32:07]} Nc6 {[%clk 1:29:42]} 5. Bb5 {[%clk 1:32:12]} Bd7
{[%clk 1:25:38]} 6. Bxc6 {[%clk 1:32:35]} Bxc6 {[%clk 1:25:27]} 7. Nc3
{[%clk 1:32:59]} Nf6 {[%clk 1:15:54]} 8. Bg5 {[%clk 1:33:18]} e6 {[%clk 1:13:59]}
9. O-O-O {[%clk 1:33:29]} Be7 {[%clk 1:13:15]} 10. Qd3 {[%clk 1:33:45]} O-O
{[%clk 1:10:56]} 11. Nd4 {[%clk 1:33:49]} d5 {[%clk 1:00:55]} 12. e5
{[%clk 1:26:17]} Nd7 {[%clk 0:59:12]} 13. Bxe7 {[%clk 1:26:28]} Qxe7
{[%clk 0:59:40]} 14. f4 {[%clk 1:25:34]} a6 {[%clk 0:58:02]} 15. Rde1
{[%clk 1:09:12]} Rfc8 {[%clk 0:50:22]} 16. f5 {[%clk 0:49:08]} Qg5+
{[%clk 0:41:42]} 17. Kb1 {[%clk 0:48:23]} Nc5 {[%clk 0:40:26]} 18. Qh3
{[%clk 0:34:38]} exf5 {[%clk 0:33:08]} 19. Qxf5 {[%clk 0:28:27]} Qxf5
{[%clk 0:32:48]} 20. Nxf5 {[%clk 0:28:56]} Re8 {[%clk 0:32:41]} 21. Nd4
{[%clk 0:28:55]} Re7 {[%clk 0:26:03]} 22. Re2 {[%clk 0:26:28]} Rae8
{[%clk 0:25:28]} 23. Rhe1 {[%clk 0:26:50]} g6 {[%clk 0:21:40]} 24. g3
{[%clk 0:23:44]} Ne6 {[%clk 0:15:25]} 25. Nxe6 {[%clk 0:13:11]} Rxe6
{[%clk 0:15:09]} 26. Kc1 {[%clk 0:13:35]} Kg7 {[%clk 0:08:58]} 27. Rd2
{[%clk 0:05:43]} Rxe5 {[%clk 0:08:43]} 28. Red1 {[%clk 0:06:10]} Rd8
{[%clk 0:07:52]} 29. Ne2 {[%clk 0:06:32]} Bd7 {[%clk 0:05:04]} 30. Rxd5
{[%clk 0:03:37]} Rxe2 {[%clk 0:04:49]} 31. Rxd7 {[%clk 0:04:03]} Rxd7
{[%clk 0:04:50]} 32. Rxd7 {[%clk 0:04:32]} b5 {[%clk 0:02:13]} 33. Rd2
{[%clk 0:03:56]} Re1+ {[%clk 0:02:32]} 34. Rd1 {[%clk 0:04:25]} Re2
{[%clk 0:00:58]} 35. Rd2 {[%clk 0:04:35]} Re1+ {[%clk 0:00:43]} 36. Rd1
{[%clk 0:05:04]} Re2 {[%clk 0:00:41]} 37. Rd2 {[%clk 0:05:27]} Re1+
{[%clk 0:00:34]} 1/2-1/2

[Event "MP do 18 lat - chlopcy"]
[Site "Sypniewo"]
[Date "2022.03.25"]
[Round "7.17"]
[White "Stachecki, Mikolaj"]
[Black "Czechowski, Jakub"]
[Result "1-0"]
[BlackElo "2036"]
[WhiteElo "1837"]
[LiveChessVersion "1.4.8"]

1. e4 {[%clk 1:30:50]} e5 {[%clk 1:30:56]} 2. Nf3 {[%clk 1:31:13]} Nc6
{[%clk 1:31:22]} 3. Bc4 {[%clk 1:31:34]} Nf6 {[%clk 1:31:47]} 4. d3
{[%clk 1:31:54]} Be7 {[%clk 1:32:12]} 5. O-O {[%clk 1:31:36]} O-O
{[%clk 1:32:37]} 6. Re1 {[%clk 1:31:19]} d6 {[%clk 1:33:02]} 7. a4
{[%clk 1:31:28]} Na5 {[%clk 1:33:23]} 8. Ba2 {[%clk 1:31:48]} c5 {[%clk 1:33:48]}
9. c3 {[%clk 1:31:41]} Nc6 {[%clk 1:33:48]} 10. Na3 {[%clk 1:31:39]} h6
{[%clk 1:27:23]} 11. Bd2 {[%clk 1:21:37]} Re8 {[%clk 1:25:48]} 12. h3
{[%clk 1:18:13]} Bf8 {[%clk 1:20:48]} 13. Nc4 {[%clk 1:14:18]} Be6
{[%clk 1:21:05]} 14. b4 {[%clk 1:07:39]} cxb4 {[%clk 1:18:33]} 15. cxb4
{[%clk 1:07:55]} a6 {[%clk 1:18:13]} 16. a5 {[%clk 0:58:04]} Nd7 {[%clk 1:13:39]}
17. Ne3 {[%clk 0:56:52]} b6 {[%clk 1:10:39]} 18. Bd5 {[%clk 0:49:52]} Bxd5
{[%clk 1:06:34]} 19. Nxd5 {[%clk 0:49:58]} bxa5 {[%clk 1:03:58]} 20. bxa5
{[%clk 0:50:04]} Nc5 {[%clk 1:04:19]} 21. Qc2 {[%clk 0:47:24]} Rb8
{[%clk 1:00:55]} 22. Reb1 {[%clk 0:45:37]} Rxb1+ {[%clk 0:57:31]} 23. Qxb1
{[%clk 0:45:22]} Qb8 {[%clk 0:55:20]} 24. Nb6 {[%clk 0:30:56]} Be7
{[%clk 0:54:50]} 25. Bc3 {[%clk 0:27:53]} Bd8 {[%clk 0:47:16]} 26. Nd2
{[%clk 0:26:09]} Re7 {[%clk 0:37:47]} 27. Ndc4 {[%clk 0:23:26]} Rb7
{[%clk 0:37:44]} 28. Qc2 {[%clk 0:20:58]} Nd7 {[%clk 0:36:08]} 29. Qa4
{[%clk 0:18:19]} Bxb6 {[%clk 0:27:09]} 30. axb6 {[%clk 0:08:50]} Nd8
{[%clk 0:24:40]} 31. Na5 {[%clk 0:09:01]} Rxb6 {[%clk 0:17:10]} 32. Qxd7
{[%clk 0:09:22]} Rb1+ {[%clk 0:17:29]} 33. Rxb1 {[%clk 0:08:41]} Qxb1+
{[%clk 0:17:58]} 34. Kh2 {[%clk 0:09:04]} Ne6 {[%clk 0:18:24]} 35. Qxd6
{[%clk 0:08:26]} 1-0

[Event "MP do 18 lat - chlopcy"]
[Site "Sypniewo"]
[Date "2022.03.25"]
[Round "7.18"]
[White "Skurniak, Szymon"]
[Black "Kietrys, Maciej"]
[Result "1/2-1/2"]
[BlackElo "1882"]
[WhiteElo "2032"]
[LiveChessVersion "1.4.8"]

1. c4 {[%clk 1:30:57]} e5 {[%clk 1:29:53]} 2. Nc3 {[%clk 1:31:24]} Nf6
{[%clk 1:30:05]} 3. g3 {[%clk 1:31:48]} d5 {[%clk 1:30:22]} 4. cxd5
{[%clk 1:32:16]} Nxd5 {[%clk 1:30:47]} 5. Bg2 {[%clk 1:32:41]} Be6
{[%clk 1:31:15]} 6. Nf3 {[%clk 1:31:53]} Nc6 {[%clk 1:31:24]} 7. O-O
{[%clk 1:32:04]} Be7 {[%clk 1:29:57]} 8. d4 {[%clk 1:31:56]} exd4
{[%clk 1:29:40]} 9. Nxd4 {[%clk 1:16:25]} Nxd4 {[%clk 1:17:58]} 10. Qxd4
{[%clk 1:15:46]} Nxc3 {[%clk 1:12:07]} 11. Qxc3 {[%clk 1:16:16]} O-O
{[%clk 1:12:30]} 12. Bxb7 {[%clk 1:14:56]} Rb8 {[%clk 1:12:34]} 13. Bg2
{[%clk 1:10:16]} Bf6 {[%clk 1:12:53]} 14. Qa3 {[%clk 0:53:15]} Qd4
{[%clk 1:11:51]} 15. Rb1 {[%clk 0:50:27]} Qc4 {[%clk 1:08:12]} 16. Be3
{[%clk 0:43:55]} Qxa2 {[%clk 1:03:14]} 17. Qxa7 {[%clk 0:32:56]} Rxb2
{[%clk 1:01:06]} 18. Rxb2 {[%clk 0:32:53]} Qxb2 {[%clk 1:01:23]} 19. Qxc7
{[%clk 0:31:07]} Qxe2 {[%clk 1:01:22]} 20. Rc1 {[%clk 0:31:15]} h6
{[%clk 0:59:45]} 21. Qc2 {[%clk 0:31:33]} Qxc2 {[%clk 1:00:00]} 22. Rxc2
{[%clk 0:32:02]} Rc8 {[%clk 1:00:22]} 23. Rxc8+ {[%clk 0:32:13]} Bxc8
{[%clk 1:00:48]} 24. h4 {[%clk 0:32:30]} h5 {[%clk 0:59:56]} 25. Bf3
{[%clk 0:32:52]} g6 {[%clk 1:00:22]} 26. Kg2 {[%clk 0:33:10]} Kg7
{[%clk 1:00:48]} 27. Be2 {[%clk 0:33:33]} Be6 {[%clk 1:00:39]} 28. Bf3
{[%clk 0:33:55]} Bb2 {[%clk 1:00:49]} 29. Bf4 {[%clk 0:34:05]} Bd4
{[%clk 1:01:01]} 30. Bd2 {[%clk 0:34:28]} Bb2 {[%clk 1:00:44]} 31. Be3
{[%clk 0:34:47]} 1/2-1/2

[Event "MP do 18 lat - chlopcy"]
[Site "Sypniewo"]
[Date "2022.03.25"]
[Round "7.19"]
[White "Malik, Maciej"]
[Black "Syrkiewicz, Michal"]
[Result "0-1"]
[BlackElo "1988"]
[WhiteElo "1912"]
[LiveChessVersion "1.4.8"]

1. e4 {[%clk 1:30:27]} c5 {[%clk 1:30:56]} 2. d4 {[%clk 1:30:34]} cxd4
{[%clk 1:31:05]} 3. c3 {[%clk 1:30:58]} dxc3 {[%clk 1:31:02]} 4. Nxc3
{[%clk 1:31:22]} Nc6 {[%clk 1:31:10]} 5. Nf3 {[%clk 1:30:48]} d6 {[%clk 1:31:05]}
6. Bc4 {[%clk 1:29:07]} a6 {[%clk 1:30:32]} 7. Be3 {[%clk 1:23:56]} Nf6
{[%clk 1:27:29]} 8. O-O {[%clk 1:12:40]} Bg4 {[%clk 1:23:50]} 9. Qb3
{[%clk 1:09:36]} e6 {[%clk 1:21:32]} 10. Bb6 {[%clk 1:03:47]} Qc8
{[%clk 1:16:20]} 11. Nd2 {[%clk 0:45:26]} Be7 {[%clk 1:08:58]} 12. Rac1
{[%clk 0:43:00]} O-O {[%clk 0:59:47]} 13. f3 {[%clk 0:37:37]} Bh5
{[%clk 0:59:28]} 14. Rfd1 {[%clk 0:35:08]} Qb8 {[%clk 0:54:13]} 15. Na4
{[%clk 0:29:10]} Bd8 {[%clk 0:48:19]} 16. Qe3 {[%clk 0:28:00]} Nd7
{[%clk 0:45:37]} 17. Bxd8 {[%clk 0:27:56]} Qxd8 {[%clk 0:46:00]} 18. Nf1
{[%clk 0:26:34]} Qe7 {[%clk 0:42:30]} 19. Be2 {[%clk 0:26:06]} Rfd8
{[%clk 0:38:07]} 20. Qa3 {[%clk 0:25:51]} Nf6 {[%clk 0:32:11]} 21. Nb6
{[%clk 0:22:10]} Rab8 {[%clk 0:31:58]} 22. Ng3 {[%clk 0:22:31]} Bg6
{[%clk 0:29:54]} 23. Qe3 {[%clk 0:19:31]} d5 {[%clk 0:25:28]} 24. exd5
{[%clk 0:14:49]} Nxd5 {[%clk 0:25:25]} 25. Nxd5 {[%clk 0:14:25]} Rxd5
{[%clk 0:25:36]} 26. Rxd5 {[%clk 0:11:34]} exd5 {[%clk 0:25:56]} 27. Qxe7
{[%clk 0:09:38]} Nxe7 {[%clk 0:26:21]} 28. b3 {[%clk 0:08:59]} Rc8
{[%clk 0:23:48]} 29. Rxc8+ {[%clk 0:08:37]} Nxc8 {[%clk 0:24:15]} 30. Kf2
{[%clk 0:09:02]} Kf8 {[%clk 0:24:01]} 31. Ke3 {[%clk 0:09:05]} Ke7
{[%clk 0:24:21]} 32. f4 {[%clk 0:08:32]} Bb1 {[%clk 0:24:41]} 33. a3
{[%clk 0:08:27]} Kd6 {[%clk 0:23:19]} 34. Nh5 {[%clk 0:07:02]} g6
{[%clk 0:23:27]} 35. Nf6 {[%clk 0:05:29]} h5 {[%clk 0:23:12]} 36. g4
{[%clk 0:05:20]} hxg4 {[%clk 0:23:30]} 37. Nxg4 Ne7 {[%clk 0:23:15]} 38. Ne5
{[%clk 0:05:23]} Nf5+ {[%clk 0:21:37]} 39. Kd2 {[%clk 0:05:52]} Ke6
{[%clk 0:19:56]} 40. Nf3 {[%clk 0:35:17]} f6 {[%clk 0:49:21]} 41. Kc3
{[%clk 0:34:09]} Kd6 {[%clk 0:47:14]} 42. b4 {[%clk 0:31:10]} Ne3
{[%clk 0:45:18]} 43. Nd2 {[%clk 0:30:57]} Bf5 {[%clk 0:44:59]} 44. Nb3
{[%clk 0:31:08]} Ng2 {[%clk 0:44:09]} 45. Nc5 {[%clk 0:30:41]} Kc6
{[%clk 0:43:48]} 46. Bf3 {[%clk 0:26:01]} Nxf4 {[%clk 0:43:55]} 47. Nb3
{[%clk 0:26:30]} Be4 {[%clk 0:42:29]} 48. Bd1 {[%clk 0:25:45]} b6
{[%clk 0:40:48]} 49. a4 {[%clk 0:25:48]} Kd6 {[%clk 0:40:29]} 50. Kd4
{[%clk 0:24:56]} Ne6+ {[%clk 0:40:45]} 51. Ke3 {[%clk 0:25:13]} Ke5
{[%clk 0:40:50]} 52. Be2 {[%clk 0:25:28]} d4+ {[%clk 0:41:05]} 53. Kd2
{[%clk 0:25:41]} Bb7 {[%clk 0:40:24]} 54. a5 {[%clk 0:26:03]} b5 {[%clk 0:39:43]}
55. Nc1 {[%clk 0:26:12]} Be4 {[%clk 0:39:29]} 56. Bf1 {[%clk 0:26:38]} Nc7
{[%clk 0:39:15]} 57. Nb3 {[%clk 0:25:56]} Nd5 {[%clk 0:38:50]} 58. Nc5
{[%clk 0:25:44]} Nxb4 {[%clk 0:39:12]} 59. Bh3 {[%clk 0:26:10]} f5
{[%clk 0:39:24]} 0-1

[Event "MP do 18 lat - chlopcy"]
[Site "Sypniewo"]
[Date "2022.03.25"]
[Round "7.20"]
[White "Kalkowski, Igor"]
[Black "Lenart, Jakub"]
[Result "1/2-1/2"]
[BlackElo "1792"]
[WhiteElo "1934"]
[LiveChessVersion "1.4.8"]

1. e3 {[%clk 1:28:40]} b6 {[%clk 1:30:32]} 2. d4 {[%clk 1:28:29]} Bb7
{[%clk 1:30:46]} 3. Nf3 {[%clk 1:28:40]} Nf6 {[%clk 1:31:07]} 4. Bd3
{[%clk 1:28:41]} e6 {[%clk 1:30:52]} 5. Nbd2 {[%clk 1:28:48]} d5 {[%clk 1:30:11]}
6. O-O {[%clk 1:28:59]} Be7 {[%clk 1:29:49]} 7. Ne5 {[%clk 1:29:19]} O-O
{[%clk 1:27:20]} 8. Qf3 {[%clk 1:25:02]} Nc6 {[%clk 1:23:30]} 9. c3
{[%clk 1:24:32]} Nxe5 {[%clk 1:12:28]} 10. dxe5 {[%clk 1:24:08]} Nd7
{[%clk 1:12:57]} 11. Qh3 {[%clk 1:22:30]} g6 {[%clk 1:13:19]} 12. f4
{[%clk 1:21:08]} Nc5 {[%clk 1:12:05]} 13. Be2 {[%clk 1:18:18]} Ba6
{[%clk 1:11:20]} 14. Bxa6 {[%clk 1:13:43]} Nxa6 {[%clk 1:11:43]} 15. Rf3
{[%clk 1:14:09]} f5 {[%clk 1:07:44]} 16. exf6 {[%clk 1:13:36]} Rxf6
{[%clk 1:08:12]} 17. b4 {[%clk 1:09:23]} c5 {[%clk 0:56:07]} 18. Bb2
{[%clk 1:09:27]} Nc7 {[%clk 0:51:12]} 19. Rg3 {[%clk 1:07:26]} Rf5
{[%clk 0:44:02]} 20. Nf3 {[%clk 1:04:40]} Bf6 {[%clk 0:39:33]} 21. Rxg6+
{[%clk 0:59:15]} hxg6 {[%clk 0:38:57]} 22. g4 {[%clk 0:59:40]} Rxf4
{[%clk 0:33:03]} 23. exf4 {[%clk 1:00:00]} Qf8 {[%clk 0:19:09]} 24. a3
{[%clk 0:45:16]} a5 {[%clk 0:17:13]} 25. bxa5 {[%clk 0:44:48]} bxa5
{[%clk 0:16:59]} 26. f5 {[%clk 0:43:45]} Qg7 {[%clk 0:15:59]} 27. fxg6
{[%clk 0:43:23]} Qxg6 {[%clk 0:15:29]} 28. g5 {[%clk 0:43:06]} Bg7
{[%clk 0:14:41]} 29. Qg3 {[%clk 0:41:39]} Nb5 {[%clk 0:13:25]} 30. Re1
{[%clk 0:31:05]} Rf8 {[%clk 0:06:52]} 31. a4 {[%clk 0:30:41]} Nxc3
{[%clk 0:06:01]} 32. Ne5 {[%clk 0:30:36]} Bxe5 {[%clk 0:04:15]} 33. Qxe5
{[%clk 0:30:43]} d4 {[%clk 0:04:03]} 34. Bxc3 {[%clk 0:28:48]} dxc3
{[%clk 0:04:15]} 35. Qxc5 {[%clk 0:28:42]} Qf5 {[%clk 0:02:45]} 36. Qxc3
{[%clk 0:27:41]} Qxg5+ {[%clk 0:02:39]} 37. Qg3 {[%clk 0:27:24]} Qxg3+
{[%clk 0:02:56]} 38. hxg3 {[%clk 0:27:50]} Rf3 {[%clk 0:03:18]} 39. Kg2
{[%clk 0:26:18]} Ra3 {[%clk 0:03:36]} 40. Rxe6 {[%clk 0:55:59]} Rxa4
{[%clk 0:33:58]} 41. Re7 {[%clk 0:55:58]} Ra1 {[%clk 0:31:13]} 42. Ra7
{[%clk 0:55:27]} a4 {[%clk 0:31:31]} 43. Kf3 {[%clk 0:55:29]} a3 {[%clk 0:31:38]}
44. Kg4 {[%clk 0:55:47]} a2 {[%clk 0:31:56]} 45. Kg5 {[%clk 0:55:53]} Rg1
{[%clk 0:31:51]} 46. Ra8+ {[%clk 0:56:17]} Kf7 {[%clk 0:32:03]} 47. Ra7+
{[%clk 0:56:41]} Ke6 {[%clk 0:31:41]} 48. Rxa2 {[%clk 0:57:07]} Rxg3+
{[%clk 0:32:04]} 1/2-1/2